000 00900nam a2200265Ia 4500
003 OSt
005 20221005113239.0
006 a|||||r|||| 00| 0
007 ta
008 221004b |||||||| |||| 00| 0 pan d
020 _a9789387276314 (hbk)
_cINR 300.00
024 _a45223
037 _b1064, 12/02/2019, H.K. Prakashan
_cTextual
040 _aCRL
_cCRL
_bpan
041 _2pan
_apan
082 _aO153,1L30:g, Q8
100 _aਬਾਂਸਲ, ਹੈਪੀ, ਂਚ.
245 0 _aਹੀਰ ਵਾਰਿਸ
260 _aਪਟਿਆਲਾ
_bਗ੍ਰੈFਿਅਸ ਭਾਰਤ
_c2018
300 _a158ਪ੍ਰ0
_ccm.
650 _a ਪੰਜਾਬੀ ਕਾਵਿ
650 _aਪੰਜਾਬੀ ਸਾਹਿਤ
942 _hO153,1L30:g, Q8
_cTEXL
_2cc
999 _c1027537
_d1027537